Wolf to woof (Record no. 5512)

MARC details
000 -LEADER
fixed length control field 00499nam a22001577a 4500
005 - DATE AND TIME OF LATEST TRANSACTION
control field 20250513163027.0
008 - FIXED-LENGTH DATA ELEMENTS--GENERAL INFORMATION
fixed length control field 250513b |||||||| |||| 00| 0 eng d
040 ## - CATALOGING SOURCE
Transcribing agency DepED Dasmarinas City
245 ## - TITLE STATEMENT
Title Wolf to woof
250 ## - EDITION
Edition statement January 2002 Vol. 201 No. 1
490 ## - SERIES STATEMENT
SERIES STATEMENT National Geographic
520 ## - SUMMARY, ETC.
Summary, etc. Wolf to Woof, A Love Story, The New Europe, China's Unknown Gobi, In Focus: World of Islam, Hotspots: India's Western Ghats, U.S.S Enterprise
650 ## - SUBJECT ADDED ENTRY--TOPICAL TERM
General subdivision WOLF AND DOGS
650 ## - SUBJECT ADDED ENTRY--TOPICAL TERM
General subdivision ALASHAN
942 ## - ADDED ENTRY ELEMENTS (KOHA)
Source of classification or shelving scheme Dewey Decimal Classification
Koha item type Continuing Resources
999 ## -
-- 5512
-- 5512
Holdings
Homebranch current branch Barcode
DepED Dasmarinas City DepED Dasmarinas City DSMSR012002-066